| 000 | 00346nam a22001457a 4500 | ||
|---|---|---|---|
| 020 | _qPB. | ||
| 040 | _cFIZZA ISHAQ | ||
| 082 |
_a624.193 _bTHO |
||
| 100 |
_aKUESEL, R. THOMAS. _989335 |
||
| 245 |
_aTUNNEL ENGNEERING HANDBOOK / _cTHOMAS R. KUESEL. |
||
| 250 | _a2nd ED. | ||
| 260 |
_bSPRINGER, _c1996. |
||
| 300 | _a543 P. ; | ||
| 942 |
_2ddc _cBK |
||
| 999 |
_c588103 _d588103 |
||